<?xml version="1.0" encoding="UTF-8"?>
<record
    xmlns:xsi="http://www.w3.org/2001/XMLSchema-instance"
    xsi:schemaLocation="http://www.loc.gov/MARC21/slim http://www.loc.gov/standards/marcxml/schema/MARC21slim.xsd"
    xmlns="http://www.loc.gov/MARC21/slim">

  <leader>01667nam a22002177a 4500</leader>
  <controlfield tag="003">OSt</controlfield>
  <controlfield tag="005">20260618114820.0</controlfield>
  <controlfield tag="008">260618b        |||||||| |||| 00| 0 spa d</controlfield>
  <datafield tag="020" ind1=" " ind2=" ">
    <subfield code="a">978-9945-513-25-7</subfield>
  </datafield>
  <datafield tag="040" ind1=" " ind2=" ">
    <subfield code="a">Instituto Dominicano de Evaluaci&#xF3;n e Investigaci&#xF3;n de la Calidad Educativa , IDEICE</subfield>
    <subfield code="b">spa</subfield>
    <subfield code="c">IDEICE</subfield>
    <subfield code="e">RDA</subfield>
  </datafield>
  <datafield tag="082" ind1=" " ind2=" ">
    <subfield code="a">IDEICE 371. 2913 Ins59d</subfield>
  </datafield>
  <datafield tag="110" ind1=" " ind2=" ">
    <subfield code="a">Instituto Dominicano de Evaluaci&#xF3;n e Investigaci&#xF3;n de la Calidad Educativa, IDEICE</subfield>
  </datafield>
  <datafield tag="245" ind1=" " ind2=" ">
    <subfield code="a">Deserci&#xF3;n Escolar en Contextos Vulnerables: Factores Asociados y Estrategias Utilizadas por los Docentes</subfield>
    <subfield code="c">IDEICE</subfield>
  </datafield>
  <datafield tag="260" ind1=" " ind2=" ">
    <subfield code="a">Santo Domingo, Rep&#xFA;blica Dominicana </subfield>
    <subfield code="b">IDEICE</subfield>
    <subfield code="c">2025</subfield>
  </datafield>
  <datafield tag="300" ind1=" " ind2=" ">
    <subfield code="c">78p.</subfield>
  </datafield>
  <datafield tag="500" ind1=" " ind2=" ">
    <subfield code="a">El estudio aborda la deserci&#xF3;n escolar como una problem&#xE1;tica multifactorial particularmente en situaciones vulnerables en las que influyen factores individuales, familiares, escolares, econ&#xF3;micos y sociales. El objetivo del estudio es analizar los factores que contribuyen a la deserci&#xF3;n escolar en contextos vulnerables, con el prop&#xF3;sito de identificar las estrategias utilizadas por los docentes. Se utiliz&#xF3; un enfoque cuantitativo-cualitativo en 269 centros distribuidos en las 18 regionales educativas, con una muestra de 1,388 docentes y 5,170 estudiantes del nivel secundario. </subfield>
  </datafield>
  <datafield tag="650" ind1=" " ind2=" ">
    <subfield code="a">Deserci&#xF3;n escolar; Contextos vulnerables; Factores de riesgo; Educaci&#xF3;n secundaria; Estrategias docentes; Abandono escolar; Rendimiento acad&#xE9;mico.</subfield>
  </datafield>
  <datafield tag="710" ind1=" " ind2=" ">
    <subfield code="a">IDEICE</subfield>
  </datafield>
  <datafield tag="856" ind1=" " ind2=" ">
    <subfield code="u">https://ideice.gob.do/documentacion/publicaciones-id-227-desercion-escolar-en-contextos-vulnerables-factores-asociados-y-estrategias-utilizadas-por-los-docentes</subfield>
  </datafield>
  <datafield tag="942" ind1=" " ind2=" ">
    <subfield code="2">ddc</subfield>
    <subfield code="c">LIB</subfield>
    <subfield code="n">0</subfield>
  </datafield>
  <datafield tag="999" ind1=" " ind2=" ">
    <subfield code="c">14666</subfield>
    <subfield code="d">14666</subfield>
  </datafield>
  <datafield tag="952" ind1=" " ind2=" ">
    <subfield code="0">0</subfield>
    <subfield code="1">0</subfield>
    <subfield code="2">ddc</subfield>
    <subfield code="4">0</subfield>
    <subfield code="7">0</subfield>
    <subfield code="a">RI</subfield>
    <subfield code="b">RI</subfield>
    <subfield code="d">2026-06-18</subfield>
    <subfield code="l">0</subfield>
    <subfield code="r">2026-06-18 11:47:57</subfield>
    <subfield code="u">https://ideice.gob.do/documentacion/publicaciones-id-227-desercion-escolar-en-contextos-vulnerables-factores-asociados-y-estrategias-utilizadas-por-los-docentes</subfield>
    <subfield code="w">2026-06-18</subfield>
    <subfield code="y">LIB</subfield>
  </datafield>
</record>
